| 000 | 00673nam a2200253Ia 4500 | ||
|---|---|---|---|
| 003 | OSt | ||
| 005 | 20221005122814.0 | ||
| 006 | a|||||r|||| 00| 0 | ||
| 007 | ta | ||
| 008 | 221004b |||||||| |||| 00| 0 guj d | ||
| 024 | _a40702 | ||
| 037 | _cTextual | ||
| 040 |
_aCRL _cCRL _bguj |
||
| 041 |
_2guj _aguj |
||
| 082 | _aO156, 3NSH2,3, L0.1-.2 | ||
| 100 |
_aShukla Chandravahan Au. _9632645 |
||
| 245 | 0 | _aKarvat badle katra | |
| 260 | _c1968 | ||
| 300 |
_a287p. _ccm. |
||
| 650 | _a GUJRATI LITERATURE | ||
| 650 | _aGUJRATI FICTION | ||
| 942 |
_hO156, 3NSH2,3, L0.1-.2 _cTEXL _2cc |
||
| 999 |
_c1045440 _d1045440 |
||